Statistics for How is it pronounced?

Click here to take the quiz!

General Stats

  • This quiz has been taken 38 times
  • The average score is 9 of 12

Answer Stats

QuestionAnswer% Correct
omicron[OH-muh-kraan]
92%
Dogecoin (=crypto currency)[DOHJ-coin]
89%
.GIF[jif]
89%
colonel[KER-nul]
81%
mischievous[MIS-chiv-us]
81%
açai (=acai berry)[ah-sa-EE]
78%
charcuterie[shahr-KOO-tuh-ree]
78%
gnocchi (=Italian food)[NYOH-kee]
72%
pho (=Vietnamese soup)[fuh]
69%
Worcestershire[WOO-stuh-sher]
47%
Nguyen (=the most common Vietnamese last name)[n-WIN]
44%
gyro[YEE-ro]
39%

Score Distribution

Percentile by Number Answered

Percent of People with Each Score

Your Score History

You have not taken this quiz